| 000 | 00416nam a2200145Ia 4500 | ||
|---|---|---|---|
| 008 | 210210b2000 xxu||||| |||| 00| 0 eng d | ||
| 082 | _a382.6 RAMT | ||
| 100 | _aRAMAKRISHNA (T N). | ||
| 245 | _aText book of export management for BBM degree. | ||
| 260 |
_aMangalore _bVinyas Publishers _c2000 |
||
| 300 | _a240 | ||
| 650 | _aExport management international trade | ||
| 690 | _aExport Management | ||
| 906 | _a056113 | ||
| 999 |
_c103858 _d103858 |
||